Loading...

Sahitya ke naye dayitva

Bibliographic Details
Main Author: Ramswaroop Chathurvedi
Format: Printed Book
Published: Allahabad Lokbharathi 1991
Subjects:
LEADER 00638nam a22001931a 4500
020 |c 0.00 
040 |a SSUS - Library - Kalady 
082 |a H 891.430 9  |b RAM/S 
100 |a Ramswaroop Chathurvedi 
245 |a Sahitya ke naye dayitva  |h [Text] 
260 |a Allahabad  |b Lokbharathi  |c 1991 
300 |a 95p. 
600 |a Literature Hindi Criticism  
600 |a Literature Hindi 
600 |a Literature 
852 |h H 891.430 9  |i RAM/S  |p 017788  |9 60.00  |t 0 
942 |c BK 
999 |c 39199  |d 39199 
952 |0 0  |1 0  |4 0  |6 H_891_430000000000000_9_RAM_S  |7 0  |9 56673  |a SSUS  |b SSUS  |d 2015-01-08  |g 60.00  |o H 891.430 9 RAM/S  |p 017788  |r 2015-01-08  |v 0.00  |w 2015-01-08  |y BK